Essay

Sparad:
Bibliografiska uppgifter
Huvudupphovsman: Essay
Materialtyp: Bok
Språk:Undetermined
Publicerad: Belmont Wadsworth 1966
Ämnen:
Taggar: Lägg till en tagg
Inga taggar, Lägg till första taggen!
Thư viện lưu trữ: Trung tâm Học liệu Trường Đại học Cần Thơ
LEADER 00415nam a2200169Ia 4500
001 CTU_13759
008 210402s9999 xx 000 0 und d
082 |a 808.4 
082 |b E78 
100 |a Essay 
245 0 |a Essay 
260 |a Belmont 
260 |b Wadsworth 
260 |c 1966 
650 |a essays 
904 |i Nguyễn Quang Điền, 961212 
980 |a Trung tâm Học liệu Trường Đại học Cần Thơ